000 00651cam a22002172 4500
001 0000002719
005 20151217151903.0
008 070419s xx 000 0 eng d
020 _a0582550130 :
_cGBP24.99
040 _aKABU
_cKABU
050 0 _aPR508
_b.L3L44
100 1 _aLeech, Geofrey N.
_@0000152213
245 1 2 _aA Linguistic guide to English poetry.
260 _aLondon :
_bLongman,
_c1969.
300 _axv, 237 p.
650 0 _aEnglish poetry
_xHistory and criticism.
_@0000152214
908 _a070419
950 _@1
999 _c5989
_d5989